00495nam a2200145Ia 4500008004100000100002900041245008100070245006100151260005900212260000900271300001000280650001800290650001500308856002600323170221s9999 xx 000 0 und d aSeyed Reza Naghibulsadat aIranian and Non-Iranian Social Networks’ Structures; A Comparative Study  cSeyed Reza Naghibulsadat, Fatemeh Qasabi, Parisa Farhadi bOnline Journal of Communication and Media Technologies c2015 a5 : 3 xCommunication xMedia Arts uhttp://www.ojcmt.net/